00380nam a2200133Ia 45000010005000000080041000050200022000460820021000681000019000892450067001082600029001759010027002049990015002312334241024s9999 xx 000 0 und d a978-9945-404-55-5 aRD/863.44/SA237o aLuis R. Santos 0aEl otro círculo. Cuentos casi completos y dos novelas breves bEditorial Nacionalc2012 a9/8/2012 11:29:21 a.m. c7788d7788